| 000 | 00959nam a22002777a 4500 | ||
|---|---|---|---|
| 003 | DO-SdBNP | ||
| 005 | 20220921105219.0 | ||
| 008 | 171025b2015|||| 00| 0 spa d | ||
| 020 | _a9788496975521 | ||
| 040 |
_aBPMSU _bspa _cBPMSU |
||
| 082 | 4 |
_a320.1 _bM297p 2015 _222 |
|
| 100 | 1 |
_aMaquiavelo, Nicolás, _d1469-1527 |
|
| 245 | 1 | 3 |
_aEl principe / _cNicolás Maquiavelo ; prólogo Francesc LL. Cardona ; anotada por Napoleón Bonaparte |
| 260 |
_aBarcelona : _bEdiciones Brontes ; _c2015 |
||
| 300 |
_a155 p. ; _c18 cm. |
||
| 490 | 0 | _aLiteratura Universal | |
| 500 | _aIncluye referencias bibliográficas y notas al pie de las páginas | ||
| 504 | _aBibliografías : p. 22 | ||
| 534 |
_aTítulo original _tII Pricipe |
||
| 590 | _6Inventariado, 2022/VM | ||
| 600 | 1 | 4 |
_aMaquiavelo, Nicolás _d1469-1527. _xCrítica e interpretación. |
| 650 | 4 | _aCiencia política | |
| 650 | 4 | _aÉtica política. | |
| 910 | _aVMateo V. /Validado | ||
| 942 |
_2ddc _cBK |
||
| 999 |
_c12698 _d12698 |
||